MARC
| LEADER | 00000nam a2200000Ia 4500 | ||
|---|---|---|---|
| 008 | 170316s9999 xx 000 0 und d | ||
| 040 | |a cru BVZT | ||
| 090 | |a 868 M-12ro | ||
| 100 | |a Montero Vega, Arturo | ||
| 245 | |a Rosa y espada | ||
| 260 | |a San José, Costa Rica |b Lehmann |c 1969 | ||
| 300 | |a 69 páginas | ||
| 650 | |a LITERATURA COSTARRICENSE | ||
| 942 | |c 15 D | ||
| 999 | |c 11291 |d 11291 | ||
